Quizzes
Events
Quiz Creation
Community
Videos
Private Events
Remove Ads
Sign In
Join for FREE
Feedback
Dark Mode
Quiz Categories
Sports
Geography
Music
Movies
Television
Just For Fun
Miscellaneous
History
Literature
Language
Science
Gaming
Entertainment
Religion
Holiday
For Kids
Quiz Lab
Recent
Popular Today
Quiz Kudos Today
Editor Picks
Curator Picks
Quizzes by...
Day
Popularity
Type
Ratings
Length
Year
Community
Subscriptions
Recent Discussions
Orange Saloon
Badges
Playlists
Quests
Create
Leaderboards
Showdown
Live 5
Trivia Bingo
Activity
Puzzle Library
Sporcle Events
Private Events
Virtual Trivia
Globe League
Become a Host
Pub Owners
SporcleCon
Opinionation
Our Games
Videos
Blog
Mobile Apps
Partnerships
Remove Ads and Go Orange
Feedback
Sports
Athletes
MLB
NBA
NHL
NFL
Soccer
Sports Teams
WWE
NCAA
Football
Premier League
Basketball
Baseball
Hockey
Golf
Tennis
Cricket
Rugby
Auto Racing
Olympics
World Cup
Sports
Athletes
MLB
NBA
NHL
NFL
Soccer
Sports Teams
WWE
NCAA
Football
Premier League
Basketball
Baseball
Hockey
Golf
Tennis
Cricket
Rugby
Auto Racing
Olympics
World Cup
Random Quiz
Search Sporcle
×
Quiz Lab
Quiz Lab
Sports
NCAA
Type in answers that appear in a list
Type in answers that appear in a list
Classic
Best Score? Go Orange.
KU NCAA Tournament opponents 1981-2009 Stats
Can you name the KU NCAA Tournament opponents 1981-2009?
By
Underhawk
10m
88 Questions
244 Plays
244 Plays
244 Plays
Comments
Comments
Give Quiz Kudos
Give Quiz Kudos
-
- Ratings
hide this ad
Replay
Link that replays current quiz
Next Quiz
Link to next quiz in quiz playlist
You Got
0%
They Got
Avg Score
57%
Avg Friend Score
Upgrade to see
Score Distribution
Jump to the score distribution portion of the page
Score
0/88
Timer
10:00
0
Plays Today
Year
Opponent
% Correct
1991 NCAA Tournament
North Carolina
96.7%
1993 NCAA Tournament
North Carolina
96.7%
2008 NCAA Tournament
North Carolina
96.7%
1986 NCAA Tournament
Duke
94.7%
1988 NCAA Tournament
Duke
94.7%
1991 NCAA Tournament
Duke
94.7%
2000 NCAA Tournament
Duke
94.7%
2003 NCAA Tournament
Duke
94.7%
1990 NCAA Tournament
UCLA
92.6%
2007 NCAA Tournament
UCLA
92.6%
1996 NCAA Tournament
Syracuse
87.7%
2001 NCAA Tournament
Syracuse
87.7%
2003 NCAA Tournament
Syracuse
87.7%
1999 NCAA Tournament
Kentucky
87.3%
2007 NCAA Tournament
Kentucky
87.3%
2008 NCAA Tournament
Memphis
87.3%
1986 NCAA Tournament
Michigan St
86.9%
2009 NCAA Tournament
Michigan St
86.9%
1991 NCAA Tournament
Indiana
84%
1993 NCAA Tournament
Indiana
84%
1988 NCAA Tournament
Oklahoma
83.6%
1996 NCAA Tournament
Arizona
83.6%
1997 NCAA Tournament
Arizona
83.6%
2003 NCAA Tournament
Arizona
83.6%
2002 NCAA Tournament
Maryland
80.3%
2002 NCAA Tournament
Oregon
79.1%
2008 NCAA Tournament
Villanova
78.3%
2001 NCAA Tournament
Illinois
77.9%
2002 NCAA Tournament
Illinois
77.9%
1985 NCAA Tournament
Ohio
76.6%
Year
Opponent
% Correct
2004 NCAA Tournament
Georgia Tech
76.6%
2008 NCAA Tournament
UNLV
75%
1991 NCAA Tournament
Arkansas
73.4%
1987 NCAA Tournament
Georgetown
70.9%
2003 NCAA Tournament
Marquette
69.3%
1994 NCAA Tournament
Purdue
68.9%
1997 NCAA Tournament
Purdue
68.9%
2002 NCAA Tournament
Stanford
68.9%
1995 NCAA Tournament
Virginia
68%
1993 NCAA Tournament
Cal
67.2%
1988 NCAA Tournament
Kansas St
66%
1981 NCAA Tournament
Arizona St
64.8%
1986 NCAA Tournament
NC St
64.8%
2003 NCAA Tournament
Arizona St
64.8%
1984 NCAA Tournament
Wake Forest
61.9%
1994 NCAA Tournament
Wake Forest
61.9%
2005 NCAA Tournament
Bucknell
59.8%
1985 NCAA Tournament
Auburn
59.4%
1981 NCAA Tournament
Mississippi
54.9%
2008 NCAA Tournament
Davidson
54.1%
2006 NCAA Tournament
Bradley
53.7%
1986 NCAA Tournament
Temple
52.5%
1988 NCAA Tournament
Xavier
50.4%
1993 NCAA Tournament
Brigham Young
49.6%
2000 NCAA Tournament
DePaul
49.2%
1988 NCAA Tournament
Vanderbilt
48%
1987 NCAA Tournament
Houston
46.7%
1991 NCAA Tournament
Pittsburgh
46.3%
2009 NCAA Tournament
Dayton
46.3%
2003 NCAA Tournament
Utah St
45.9%
Year
Opponent
% Correct
1992 NCAA Tournament
UTEP
45.5%
1998 NCAA Tournament
Rhode Island
44.7%
2004 NCAA Tournament
UAB
44.3%
1995 NCAA Tournament
Western Kentucky
43%
2007 NCAA Tournament
Southern Illinois
38.9%
2009 NCAA Tournament
North Dakota St
38.1%
2008 NCAA Tournament
Portland St
35.7%
2002 NCAA Tournament
Holy Cross
31.1%
1981 NCAA Tournament
Wichita St
30.7%
1988 NCAA Tournament
Murray St
28.7%
2004 NCAA Tournament
Pacific
28.3%
1987 NCAA Tournament
Missouri St
21.3%
2007 NCAA Tournament
Niagara
21.3%
1996 NCAA Tournament
Santa Clara
20.9%
1993 NCAA Tournament
Ball St
19.7%
2004 NCAA Tournament
Illinois-Chicago
18.4%
1997 NCAA Tournament
Jackson St
17.2%
1999 NCAA Tournament
Evansville
17.2%
1996 NCAA Tournament
South Carolina St
16%
1990 NCAA Tournament
Robert Morris
15.2%
1991 NCAA Tournament
New Orleans
15.2%
1994 NCAA Tournament
Chattanooga
15.2%
2001 NCAA Tournament
CS Northridge
14.8%
1984 NCAA Tournament
Alcorn St
14.3%
1992 NCAA Tournament
Howard
11.9%
1995 NCAA Tournament
Colgate
11.9%
1998 NCAA Tournament
Prairie View A&M
8.6%
1986 NCAA Tournament
North Carolina A&T
6.1%
Quiz Playlist
Details
Report
Send in Message
Add To Playlist
Classic:
Type in answers that appear in a list
Quiz Source
Last Updated: Feb 16, 2017
Quiz Scoreboard
CHALLENGE
Sign Up to Join the Scoreboard
Show All
Scores
Hide
Comments
May contain spoilers
Recently Published
One Thing in Common: World Cities II
by knightlancer
Geography
7m
Popular People in 1961
by mucciniale
History
6m
1-10 Letter E Words III
by El_Dandy
Language
2m
More to Explore
Quiz From the Vault
Featured Blog Post
Where Did the Easter Bunny Come From?
hide this ad
You Might Also Like...
Tags
NCAA Quiz
1981
opponent
Tournament
Today's Top Quizzes in Sports
Browse Sports
hide this ad
Today's Top Quizzes in NCAA
Browse NCAA
Top Contributed Quizzes in Sports
1
Les meilleurs buteurs des matchs entre le PSG et l’OM
2
Les entraîneurs de l'OM et du PSG au 21e siècle
3
2022 World Cup Stars
4
FIFA Club World Cup Champions
5
Name the Premier League winners with different clubs
6
La finale Lions - Afrique du Sud 2021
7
Criteria MLB: Left Handed Sluggers
8
Players with Multiple 50 Home Run Seasons
9
MLB Players with Two .350 Batting Average Seasons
10
MLB Hall of Famer by Rings
Explore More
Trending Topics
Harry Potter
Disney
Marvel
NBA
Anime
Kpop
Crossword
The Office
Song
NFL
WWE
Puzzle
Pokémon
Country
Soccer
hide this ad
More By:
Underhawk
Quiz
Plays
Rating
Category
Featured
Created
2007-08 KU National Championship team
447
5.00
Sports
Oct 2, 2009
Big XII Men's Hoops Head Coaches
395
4.00
Sports
Nov 19, 2009
KU Men's Basketball All-Americans
305
4.67
Sports
Oct 30, 2009
KU NCAA Tournament opponents 1981-2009
244
4.67
Sports
Oct 30, 2009
Go to Creator's Profile
Score Distribution
Quiz Creator Spotlight
Underhawk
Follow
Send a Message
Quizzes Created
-
Created Quiz Play Count
-
More By This Creator
Popular Quizzes Today
1
Find the US States - No Outlines Minefield
2
The Countries of the World
3
Find the Countries of Europe - No Outlines Minefield
4
Popular People in 1961
5
1-10 Letter E Words III
6
Find the US States
7
One Thing in Common: World Cities II
8
US States
More Sports Quizzes
F1 Champs in Reverse
Quiz Lab
Trending Quizzes
Risky Map Clicking: Least Populous States A-Z
1-10 Letter F Words
1-10 Letter G Words
One Thing in Common: United Kingdom
Risky Map Clicking: Next State Alphabetically
Recently Updated
Leaping Animals
pecheneg
Reality TV Shows (A-Z)
bhenderson79
Rickey Henderson's Hall of Fame Teammates
pecheneg
Champions League XIs: Arsenal
pecheneg
Quick Pick: Celebrities in WWE's Hall of Fame
aduchscher
A-Z Keypad Blitz II
pecheneg
Multiple Oscar Actors
pecheneg
Mystery Phrase Blitz: Oscar 'Best Actors'
pecheneg
F. Scott Fitzgerald Novels
LTH
Pick 3 Villains
ddd62291
Trending Topics
NBA
Disney
Kpop
Harry Potter
Crossword
Anime
Marvel
Soccer
Puzzle
NFL
Country
Pokémon
WWE
Song
The Office
Your Account Isn't Verified!
In order to create a playlist on Sporcle, you need to verify the email address you used during registration. Go to your
Sporcle Settings
to finish the process.
Report this User
Report this user for behavior that violates our
Community Guidelines
.
Details:
Send Report
Go to the Sporcle.com Mobile Site →
Comments